Objective PET Audio CD Set Objective PET

Gardado en:
Detalles Bibliográficos
Autor Principal: Hashemi, Louise
Formato: Không biết
Idioma:English
Publicado: Cambridge University Press 2010
Những chủ đề:
Các nhãn: Engadir etiqueta
Sen Etiquetas, Sexa o primeiro en etiquetar este rexistro!
Thư viện lưu trữ: Mạng thư viện Đại học Đà Nẵng
LEADER 00902na a2200253 4500
001 000031093
003 5415
005 20151001092426.0
008 151001s2010 000 eng
020 |a 9780521732741 
082 |a 420.4  |b HA-L  |2 Objective PET 
100 |a Hashemi, Louise 
245 |a Objective PET Audio CD Set  |c Louise Hashemi, BarbaraThomas  |n Objective PET 
260 |a Cambridge University Press  |c 2010 
650 |a Objective PET Audio CD Set, Objective, PET, 2010 
OWN |a LNN 
AVA |a UDN50  |b LNN  |d 420.4 HA-L  |e available  |t Error 5001 Not defined in file expand_doc_bib_avail.  |f 3  |g 0  |h N  |i 0  |k 1 
999 |a From the UDN01 
AVA |a UDN50  |b LNN  |d 420.4 HA-L  |e available  |t Error 5001 Not defined in file expand_doc_bib_avail.  |f 3  |g 0  |h N  |i 0  |k 1 
TYP |a Printed language 
980 |a Mạng thư viện Đại học Đà Nẵng